[Event "14th Reykjavik op"]
[Site "Reykjavik ISL"]
[Date "1990.03.28"]
[Round "10"]
[White "Sigfusson, Sigurdur"]
[Black "Briem, Stefan"]
[Result "1-0"]
[WhiteElo "2370"]
[BlackElo "2215"]
[EventDate "1990.03.17"]
[PlyCount "84"]

1.Nf3 f5 2.g3 Nf6 3.Bg2 e6 4.O-O d5 5.c4 Bd6 6.Nc3 c6 7.d4 O-O 8.Ne5 b6 9.
Bg5 Bb7 10.Qb3 Bxe5 11.dxe5 h6 12.Rad1 hxg5 13.exf6 Qxf6 14.cxd5 cxd5 15.
Nxd5 Qf7 16.Ne3 Bxg2 17.Nxg2 Nd7 18.Rd6 Nc5 19.Qe3 Ne4 20.Rc6 Qd7 21.Rcc1 
Rac8 22.Rcd1 Qe7 23.f3 Nd6 24.Qa3 Rc5 25.Ne3 Rfc8 26.Rd3 Nf7 27.Rfd1 Ne5 
28.Rd4 f4 29.Ng2 fxg3 30.hxg3 Qf6 31.f4 Ng4 32.Qf3 Rc1 33.Rd2 Qf5 34.e3 
gxf4 35.gxf4 Qh5 36.Ne1 Qh4 37.b4 R8c3 38.Rd8+ Qxd8 39.Rxd8+ Kf7 40.Qxg4 
Rxe1+ 41.Kf2 Rc2+ 42.Kxe1 1-0

[Event "14th Reykjavik op"]
[Site "Reykjavik ISL"]
[Date "1990.03.28"]
[Round "10"]
[White "Arkell, Susan"]
[Black "Olafsson, David"]
[Result "1-0"]
[WhiteElo "2270"]
[BlackElo "2260"]
[EventDate "1990.03.17"]
[PlyCount "126"]

1.e4 d5 2.exd5 Nf6 3.c4 e6 4.dxe6 Bxe6 5.Nf3 Nc6 6.d4 Bb4+ 7.Nc3 Qe7 8.Be3
O-O-O 9.Bd3 Bg4 10.O-O Bxf3 11.Qxf3 Nxd4 12.Bxd4 Rxd4 13.Nb5 Rdd8 14.a3 
Bd2 15.Rad1 a6 16.Nxc7 Qxc7 17.Rxd2 Kb8 18.Rfd1 Rhe8 19.g3 Rd6 20.Bf1 Rde6
21.b4 Re1 22.c5 Ka7 23.Rxe1 Rxe1 24.Rd1 Rxd1 25.Qxd1 Kb8 26.Bg2 Nd7 27.f4 
Nxc5 28.bxc5 Qxc5+ 29.Kh1 Qxa3 30.Qd8+ Ka7 31.Qd4+ Kb8 32.h3 f6 33.Qb6 Qe7
34.h4 Qd7 35.Kg1 Qe7 36.h5 Qd7 37.g4 Qe7 38.Kf2 g5 39.f5 h6 40.Bf3 a5 41.
Qxa5 Qd6 42.Qb5 Qh2+ 43.Kf1 Qc7 44.Kg2 Ka7 45.Be4 Kb8 46.Qd5 Qb6 47.Kf3 
Qb2 48.Kg3 Ka7 49.Bf3 Kb8 50.Kh3 Ka7 51.Qf7 Kb8 52.Qe8+ Ka7 53.Qe2 Qb3 54.
Kg2 Kb8 55.Be4 Qb4 56.Qc2 Ka7 57.Qb1 Qd2+ 58.Kh1 Qd7 59.Bf3 Qc7 60.Kg2 Qe7
61.Kh3 Qc7 62.Qa1+ Kb8 63.Qxf6 1-0

[Event "14th Reykjavik op"]
[Site "Reykjavik ISL"]
[Date "1990.03.28"]
[Round "10"]
[White "Becx, Cesar"]
[Black "Gudmundsson, Kristjan"]
[Result "1-0"]
[WhiteElo "2300"]
[BlackElo "2210"]
[EventDate "1990.03.17"]
[PlyCount "104"]

1.f4 c5 2.Nf3 Nc6 3.g3 g6 4.Bg2 Bg7 5.O-O e6 6.d3 Nge7 7.Nc3 O-O 8.e4 d6 
9.Be3 Nd4 10.Rb1 Qa5 11.Qd2 Nec6 12.Nh4 Bd7 13.Qf2 Rac8 14.Rfc1 b5 15.g4 
b4 16.Nd1 Qd8 17.c3 Ne2+ 18.Qxe2 Qxh4 19.Nf2 Qe7 20.Qd2 bxc3 21.bxc3 Na5 
22.g5 e5 23.Rf1 Rb8 24.Rxb8 Rxb8 25.f5 gxf5 26.exf5 Bxf5 27.Ne4 Bg6 28.
Nf6+ Kh8 29.h4 h5 30.c4 Qd8 31.Qe2 Qe7 32.Bd5 e4 33.dxe4 Qe5 34.Qh2 Qc3 
35.Bd2 Qd4+ 36.Qf2 Qxf2+ 37.Kxf2 Rb2 38.Ke3 Rxa2 39.Rb1 Bxf6 40.gxf6 Ra3+ 
41.Kf2 Nb3 42.Bf4 a5 43.Bxd6 a4 44.Rg1 Kh7 45.Bxf7 Bxf7 46.Rg7+ Kh8 47.
Rxf7 Nd2 48.Re7 Kg8 49.Bxc5 Rb3 50.Be3 Rb2 51.f7+ Kf8 52.Bh6+ 1-0

[Event "14th Reykjavik op"]
[Site "Reykjavik ISL"]
[Date "1990.03.28"]
[Round "10"]
[White "Arnason, Asgeir Thor"]
[Black "Sigurpalsson, Runar"]
[Result "1-0"]
[WhiteElo "2265"]
[BlackElo "2220"]
[EventDate "1990.03.17"]
[PlyCount "108"]

1.c4 Nf6 2.Nc3 d6 3.d4 g6 4.e4 Bg7 5.Bd3 O-O 6.Nge2 e5 7.d5 Nbd7 8.f3 Nc5 
9.Bc2 a5 10.Be3 Ne8 11.Qd2 f5 12.O-O-O fxe4 13.Nxe4 Nxe4 14.Bxe4 Nf6 15.
Bc2 Qe8 16.Ng3 b5 17.c5 c6 18.Ne4 Nxd5 19.Nxd6 Qe7 20.Bh6 Be6 21.Bxg7 Qxg7
22.Rhe1 Nb4 23.a3 Na6 24.Qe3 Qa7 25.Qxe5 Nxc5 26.Ne4 Rf5 27.Nf6+ Kf7 28.
Bxf5 Bxf5 29.Rd7+ Qxd7 30.Nxd7 Nd3+ 31.Kd2 Nxe5 32.Nxe5+ Kf6 33.Nxc6 Ra6 
34.Nd4 Bd7 35.Rc1 Rd6 36.Ke3 Rd5 37.f4 Ke7 38.Rc7 Kd6 39.Ra7 a4 40.h3 Kc5 
41.Rc7+ Kd6 42.Rc3 g5 43.fxg5 Rxg5 44.g4 Rd5 45.Rd3 Re5+ 46.Kf4 Rd5 47.
Nf5+ Kc5 48.Rxd5+ Kxd5 49.Ne3+ Kd4 50.h4 Kd3 51.h5 Kd2 52.g5 Kc1 53.g6 h6 
54.Ke5 1-0

[Event "14th Reykjavik op"]
[Site "Reykjavik ISL"]
[Date "1990.03.28"]
[Round "10"]
[White "Thorsteinsson, Arnar"]
[Black "Halldorsson, Bragi"]
[Result "1-0"]
[WhiteElo "2245"]
[BlackElo "2215"]
[EventDate "1990.03.17"]
[PlyCount "104"]

1.e4 c6 2.d4 d5 3.f3 dxe4 4.fxe4 e5 5.Nf3 exd4 6.Bc4 Be6 7.Bxe6 fxe6 8.
Qxd4 Qxd4 9.Nxd4 e5 10.Ne6 Na6 11.Nxf8 Kxf8 12.b3 Kf7 13.Ba3 Nf6 14.Nd2 c5
15.O-O-O Rhd8 16.Bb2 Nb4 17.Rhf1 Nxa2+ 18.Kb1 Nb4 19.Bxe5 Nc6 20.Bxf6 gxf6
21.Nc4 Rxd1+ 22.Rxd1 Rd8 23.Rd5 b6 24.c3 Ke6 25.Ne3 Rd7 26.Kc2 Ne5 27.Kd2 
Rg7 28.Ke2 Rd7 29.g3 c4 30.b4 Rxd5 31.Nxd5 Nd7 32.Ne3 Ne5 33.Nd5 Nd7 34.
Ke3 Ke5 35.Ne7 a6 36.h3 Kd6 37.Nd5 Ke5 38.Ne7 Kd6 39.Nf5+ Ke5 40.Kf3 a5 
41.Ne3 b5 42.bxa5 Nc5 43.Ng4+ Ke6 44.Ne3 Ke5 45.Nc2 Nxe4 46.a6 Ng5+ 47.Ke3
Ne6 48.a7 Nc7 49.Na3 Kd5 50.Nxb5 Na8 51.Kf4 Kc6 52.Na3 1-0

[Event "14th Reykjavik op"]
[Site "Reykjavik ISL"]
[Date "1990.03.28"]
[Round "10"]
[White "Nijboer, Friso"]
[Black "Tukmakov, Vladimir"]
[Result "0-1"]
[WhiteElo "2485"]
[BlackElo "2570"]
[EventDate "1990.03.17"]
[PlyCount "76"]

1.e4 c5 2.Nf3 d6 3.d4 cxd4 4.Nxd4 Nf6 5.Nc3 Nc6 6.Bc4 Qb6 7.Nb3 e6 8.O-O 
Be7 9.Bd3 a6 10.a4 Qc7 11.f4 b6 12.Qe1 O-O 13.Qg3 Nd7 14.Bd2 Nc5 15.Nxc5 
dxc5 16.e5 Nb4 17.Be4 Ra7 18.f5 exf5 19.Bh6 g6 20.Bxf5 Bxf5 21.Rxf5 Nxc2 
22.Raf1 Nd4 23.R5f2 Qd8 24.Qg4 f5 25.exf6 Rxf6 26.Nd5 Rxf2 27.Rxf2 Bd6 28.
h4 Rf7 29.h5 Rxf2 30.hxg6 Rf7 31.gxf7+ Kxf7 32.Qh5+ Ke6 33.Bf4 Qf8 34.Bxd6
Qxd6 35.Ne3 Qf4 36.Qh3+ Nf5 37.Kh1 Qxe3 38.Qxh7 Qh6+ 0-1

[Event "14th Reykjavik op"]
[Site "Reykjavik ISL"]
[Date "1990.03.28"]
[Round "10"]
[White "Petursson, Margeir"]
[Black "Thorhallsson, Throestur"]
[Result "1-0"]
[WhiteElo "2555"]
[BlackElo "2405"]
[EventDate "1990.03.17"]
[PlyCount "139"]

1.d4 d5 2.c4 e6 3.Nc3 Nf6 4.Nf3 c6 5.Bg5 h6 6.Bxf6 Qxf6 7.Qc2 Nd7 8.e4 
dxe4 9.Qxe4 Qd8 10.Bd3 c5 11.d5 Nf6 12.Qe2 Bd6 13.O-O O-O 14.Rfe1 exd5 15.
Nxd5 Nxd5 16.cxd5 Qf6 17.Rac1 Bd7 18.Ne5 Rad8 19.g3 Bf5 20.Nc4 b6 21.Rcd1 
Bd7 22.b3 Rfe8 23.Qd2 Be5 24.Re4 Bd4 25.Rf4 Qg5 26.Be4 Bc8 27.Bf3 Bb7 28.
Rxd4 cxd4 29.Qxd4 Rd7 30.h4 Qf5 31.Kg2 Red8 32.Ne3 Qg6 33.a4 Re8 34.Rc1 
Qd6 35.h5 Qe5 36.Qd2 Red8 37.Rd1 Re8 38.Qd3 Red8 39.b4 Re8 40.Rc1 Red8 41.
Rd1 Kh8 42.Rd2 Rc7 43.Re2 Rc1 44.Kh2 Rdc8 45.Nc4 Qf6 46.Ne5 R1c3 47.Qe4 
Rd8 48.Rd2 Rc7 49.Ng4 Qg5 50.Ne3 Re7 51.Qd3 Red7 52.Qd4 Kg8 53.Kg2 Rd6 54.
b5 Rc8 55.Qb4 Rc5 56.Qe4 Rc8 57.Rd4 Rcd8 58.Nf5 Rf6 59.Ne7+ Kh8 60.Nc6 Rg8
61.d6 Qc5 62.d7 Rxc6 63.bxc6 Bxc6 64.Qh4 Bxf3+ 65.Kxf3 Qc6+ 66.Ke2 Qc2+ 
67.Kf1 Qc1+ 68.Ke2 Qb2+ 69.Rd2 Qe5+ 70.Kf1 1-0

[Event "14th Reykjavik op"]
[Site "Reykjavik ISL"]
[Date "1990.03.29"]
[Round "11"]
[White "Olafsson, Helgi"]
[Black "Arnason, Jon"]
[Result "1/2-1/2"]
[WhiteElo "2575"]
[BlackElo "2500"]
[EventDate "1990.03.17"]
[PlyCount "22"]

1.d4 Nf6 2.c4 e6 3.Nf3 b6 4.g3 Ba6 5.b3 Bb7 6.Bg2 Bb4+ 7.Bd2 c5 8.O-O O-O 
9.Bxb4 cxb4 10.Qd3 d5 11.Nbd2 1/2-1/2

[Event "14th Reykjavik op"]
[Site "Reykjavik ISL"]
[Date "1990.03.29"]
[Round "11"]
[White "Stefansson, Hannes Hlifar"]
[Black "Wedberg, Tomas"]
[Result "1-0"]
[WhiteElo "2420"]
[BlackElo "2485"]
[EventDate "1990.03.17"]
[PlyCount "140"]

1.Nf3 Nf6 2.c4 e6 3.Nc3 d5 4.d4 Be7 5.Bg5 h6 6.Bh4 O-O 7.e3 b6 8.Be2 Bb7 
9.Bxf6 Bxf6 10.cxd5 exd5 11.O-O Nd7 12.b4 c6 13.Qb3 a6 14.a4 b5 15.a5 Re8 
16.Rac1 Nf8 17.Ne1 Be7 18.Nd3 Bd6 19.g3 Qg5 20.Nb1 Ne6 21.Qb2 Qf5 22.Qc2 
Qf6 23.Bg4 Re7 24.Nd2 Qg5 25.Bxe6 Rxe6 26.Nc5 Bxc5 27.Qxc5 Rae8 28.Qa7 Bc8
29.Qc7 Qg6 30.Rc3 Rf6 31.Rfc1 Bh3 32.Rxc6 Rxc6 33.Qxc6 Rc8 34.Qxc8+ Bxc8 
35.Rxc8+ Kh7 36.Rc3 Qd6 37.Rc5 Qg6 38.Rxd5 Qd3 39.Nf1 Qc4 40.Rd6 Qxb4 41.
Rxa6 Qa4 42.Ra8 b4 43.a6 Qc6 44.Rb8 Qxa6 45.Rxb4 Qc6 46.Rb2 f5 47.Rd2 Qd5 
48.e4 fxe4 49.Ne3 Qa5 50.Rd1 Kg8 51.d5 Kf8 52.Kg2 Qa4 53.Rc1 Qd4 54.Rc8+ 
Kf7 55.Rc7+ Ke8 56.Re7+ Kf8 57.Re6 Kf7 58.g4 Qd3 59.h4 g6 60.g5 hxg5 61.
hxg5 Qd4 62.Kg3 Kg7 63.d6 Qd2 64.Rf6 Qb2 65.Ng4 Qb3+ 66.Kh4 Qd1 67.d7 Qd5 
68.Re6 Kf7 69.Rxe4 Qd1 70.Nh6+ 1-0

[Event "14th Reykjavik op"]
[Site "Reykjavik ISL"]
[Date "1990.03.29"]
[Round "11"]
[White "Tangborn, Eric"]
[Black "Nijboer, Friso"]
[Result "0-1"]
[WhiteElo "2355"]
[BlackElo "2485"]
[EventDate "1990.03.17"]
[PlyCount "156"]

1.d4 Nf6 2.Nf3 g6 3.Bg5 Bg7 4.Nbd2 c5 5.Bxf6 Bxf6 6.Ne4 Bxd4 7.Nxd4 cxd4 
8.Qxd4 O-O 9.c4 Qa5+ 10.Qd2 Qxd2+ 11.Kxd2 b6 12.Nc3 Bb7 13.e3 Na6 14.Rd1 
d6 15.f3 f5 16.Be2 Nc7 17.Ke1 Rad8 18.Kf2 f4 19.exf4 Rxf4 20.Rhe1 Rf7 21.
Bd3 Kg7 22.Be4 Bxe4 23.Rxe4 Kf8 24.Ne2 Rc8 25.b4 Ne8 26.Nd4 Nf6 27.Ne6+ 
Kg8 28.Red4 Nd7 29.Kg3 h6 30.f4 Rf5 31.Re1 Kf7 32.Kh3 g5 33.g4 Rf6 34.Rde4
gxf4 35.Nxf4 Ne5 36.Nd5 Rf2 37.a4 e6 38.Ne3 Ke7 39.Kg3 Rcf8 40.Nf5+ exf5 
41.Rxe5+ dxe5 42.Kxf2 fxg4+ 43.Kg3 Ke6 44.Rc1 h5 45.Kh4 Rf2 46.Kxh5 Rxh2+ 
47.Kxg4 Rb2 48.Rh1 Rxb4 49.Rh6+ Kd7 50.Rh7+ Kd6 51.Rxa7 Rxc4+ 52.Kf3 Rc3+ 
53.Ke4 Rc5 54.Ra6 Kc6 55.Ra7 Kd6 56.Ra6 Rc4+ 57.Kd3 Kc5 58.a5 Rd4+ 59.Ke3 
b5 60.Re6 Kd5 61.Rb6 Kc5 62.Re6 Kb4 63.a6 Rd7 64.Rxe5 Ka5 65.a7 Rxa7 66.
Kd2 Rc7 67.Re1 Rc5 68.Kd3 Ka4 69.Kd4 Rc4+ 70.Kd3 Ka3 71.Re5 Kb4 72.Re1 
Rc3+ 73.Kd2 Rc5 74.Kd3 Ka3 75.Kd4 Rc8 76.Re3+ Kb4 77.Re5 Rd8+ 78.Ke3 Ka4 
0-1

[Event "14th Reykjavik op"]
[Site "Reykjavik ISL"]
[Date "1990.03.29"]
[Round "11"]
[White "Ivanov, Alexander"]
[Black "Kristjansson, Olafur"]
[Result "1-0"]
[WhiteElo "2520"]
[BlackElo "2215"]
[EventDate "1990.03.17"]
[PlyCount "62"]

1.e4 c5 2.Nf3 Nc6 3.d4 cxd4 4.Nxd4 Nf6 5.Nc3 e6 6.Nxc6 bxc6 7.e5 Nd5 8.Ne4
Qc7 9.f4 Qb6 10.c4 Bb4+ 11.Ke2 f5 12.Nf2 Ne7 13.Nd3 d5 14.Be3 d4 15.Bc1 a5
16.Kf2 O-O 17.a3 Bc5 18.b4 axb4 19.Nxc5 bxa3 20.Rxa3 Ra7 21.Rxa7 Qxa7 22.
Qxd4 Qa5 23.Be2 Rd8 24.Nb3 Qc7 25.Qc5 g5 26.Rd1 Rxd1 27.Bxd1 gxf4 28.Bh5 
Ba6 29.Bxf4 Nc8 30.Nd4 Qd7 31.Nxc6 1-0

[Event "14th Reykjavik op"]
[Site "Reykjavik ISL"]
[Date "1990.03.29"]
[Round "11"]
[White "Tisdall, Jonathan"]
[Black "Arnason, Throestur"]
[Result "1-0"]
[WhiteElo "2480"]
[BlackElo "2235"]
[EventDate "1990.03.17"]
[PlyCount "52"]

1.d4 e6 2.c4 d5 3.Nc3 c6 4.e3 f5 5.Bd3 Nf6 6.Qc2 Bd6 7.f4 O-O 8.Nf3 b6 9.
O-O Ba6 10.b3 Nbd7 11.cxd5 Bxd3 12.Qxd3 cxd5 13.Nb5 Be7 14.Ng5 Qb8 15.Nxe6
Rc8 16.Qxf5 a6 17.Na3 Rxc1 18.Raxc1 Bxa3 19.Qg5 g6 20.Rc6 Qe8 21.f5 Ne4 
22.Qh6 Bf8 23.Nxf8 Nxf8 24.fxg6 Nxg6 25.Rc7 Ne7 26.Qe6+ 1-0

[Event "14th Reykjavik op"]
[Site "Reykjavik ISL"]
[Date "1990.03.29"]
[Round "11"]
[White "Howell, James"]
[Black "Arnason, Asgeir Thor"]
[Result "1-0"]
[WhiteElo "2450"]
[BlackElo "2265"]
[EventDate "1990.03.17"]
[PlyCount "68"]

1.e4 e5 2.Nf3 Nc6 3.Bb5 a6 4.Ba4 Nf6 5.O-O Be7 6.Re1 b5 7.Bb3 O-O 8.c3 d6 
9.h3 Na5 10.Bc2 c5 11.d4 Qc7 12.Nbd2 Bb7 13.Nf1 Rfe8 14.Ng3 g6 15.b3 Bf8 
16.d5 Kh8 17.Nh2 Ng8 18.h4 Bc8 19.h5 Nb7 20.Be3 Nd8 21.a4 Qb7 22.f4 f6 23.
hxg6 hxg6 24.f5 Qg7 25.axb5 Nf7 26.Ng4 gxf5 27.exf5 Nfh6 28.Ra4 e4 29.Nxh6
Qxg3 30.Bf2 Qxc3 31.Re3 Qb2 32.Nf7+ Kg7 33.Qh5 Bxf5 34.Rg3+ 1-0

[Event "14th Reykjavik op"]
[Site "Reykjavik ISL"]
[Date "1990.03.29"]
[Round "11"]
[White "Gislason, Gudmundur"]
[Black "Levitt, Jonathan"]
[Result "0-1"]
[WhiteElo "2225"]
[BlackElo "2465"]
[EventDate "1990.03.17"]
[PlyCount "80"]

1.e4 e6 2.d4 d5 3.Nc3 Bb4 4.e5 c5 5.Bd2 Ne7 6.Nb5 Bxd2+ 7.Qxd2 O-O 8.c3 
Nbc6 9.Nf3 a6 10.Nd6 cxd4 11.cxd4 f6 12.Nxc8 Rxc8 13.exf6 Rxf6 14.Bd3 Qd6 
15.O-O Rcf8 16.Ng5 Nf5 17.f4 h6 18.g4 Nfxd4 19.Nh7 Rxf4 20.Nxf8 Rxf8 21.
Qe3 e5 22.Rxf8+ Qxf8 23.Rf1 Qd6 24.Bf5 e4 25.Kh1 Qe7 26.Bg6 Nf3 27.Rxf3 
exf3 28.Qxf3 Qe1+ 29.Kg2 Qd2+ 30.Qf2 Qxf2+ 31.Kxf2 a5 32.Bf5 Kf7 33.Ke3 
Ke7 34.Bc8 Nd8 35.a3 g5 36.b4 axb4 37.axb4 Kd6 38.Kd4 b6 39.b5 Ne6+ 40.Ke3
Nc7 0-1

[Event "14th Reykjavik op"]
[Site "Reykjavik ISL"]
[Date "1990.03.29"]
[Round "11"]
[White "Gudmundsson, Kristjan"]
[Black "Arkell, Susan"]
[Result "1/2-1/2"]
[WhiteElo "2210"]
[BlackElo "2270"]
[EventDate "1990.03.17"]
[PlyCount "30"]

1.e4 d5 2.exd5 Nf6 3.d4 Nxd5 4.c4 Nf6 5.Nf3 Bg4 6.Be2 c6 7.Bf4 e6 8.Qb3 
Qc8 9.O-O Be7 10.Rd1 Nbd7 11.Nc3 O-O 12.Rac1 Rd8 13.h3 Bh5 14.Rd2 a6 15.
Qd1 1/2-1/2

[Event "14th Reykjavik op"]
[Site "Reykjavik ISL"]
[Date "1990.03.29"]
[Round "11"]
[White "Halldorsson, Bragi"]
[Black "Sigurpalsson, Runar"]
[Result "1-0"]
[WhiteElo "2215"]
[BlackElo "2220"]
[EventDate "1990.03.17"]
[PlyCount "74"]

1.d4 d5 2.c4 c6 3.Nc3 Nf6 4.Nf3 e6 5.Bg5 Be7 6.e3 Nbd7 7.Qc2 a6 8.Be2 dxc4
9.Bxc4 b5 10.Be2 Bb7 11.O-O O-O 12.Rfd1 Rc8 13.Rac1 b4 14.Na4 Qa5 15.Nc5 
Nxc5 16.dxc5 Rfd8 17.Nd4 Rd5 18.Bxf6 gxf6 19.Bc4 Rd7 20.Qe4 Rcd8 21.Bd3 f5
22.Nxf5 exf5 23.Qxf5 Bf6 24.Qxf6 Rxd3 25.Qg5+ Kf8 26.Qh6+ Ke8 27.Rxd3 Rxd3
28.h4 Qxa2 29.Qxh7 Qxb2 30.Rc4 Rd1+ 31.Kh2 Qxf2 32.Qg8+ Kd7 33.Qg4+ Kc7 
34.Qxd1 Qxe3 35.Qd6+ Kc8 36.Rxb4 a5 37.Qf8+ 1-0

[Event "14th Reykjavik op"]
[Site "Reykjavik ISL"]
[Date "1990.03.29"]
[Round "11"]
[White "Ernst, Thomas"]
[Black "Polugaevsky, Lev"]
[Result "1/2-1/2"]
[WhiteElo "2450"]
[BlackElo "2610"]
[EventDate "1990.03.17"]
[PlyCount "35"]

1.e4 c5 2.Nf3 e6 3.d4 cxd4 4.Nxd4 Nc6 5.Nb5 d6 6.c4 Nf6 7.N1c3 a6 8.Na3 
Be7 9.Be2 O-O 10.O-O b6 11.Be3 Ne5 12.Qb3 Ned7 13.Rfd1 Qc7 14.Kh1 Bb7 15.
f3 Rfe8 16.Rac1 Rac8 17.Bf1 Bf8 18.Bg1 1/2-1/2

[Event "14th Reykjavik op"]
[Site "Reykjavik ISL"]
[Date "1990.03.29"]
[Round "11"]
[White "Browne, Walter Shawn"]
[Black "Einarsson, Halldor"]
[Result "1/2-1/2"]
[WhiteElo "2560"]
[BlackElo "2280"]
[EventDate "1990.03.17"]
[PlyCount "92"]

1.d4 Nf6 2.c4 g6 3.Nc3 d5 4.Nf3 Bg7 5.Bg5 Ne4 6.cxd5 Nxg5 7.Nxg5 e6 8.Qd2 
exd5 9.Qe3+ Kf8 10.Qf4 Bf6 11.h4 Kg7 12.e4 dxe4 13.Bc4 Qxd4 14.Qxc7 Rf8 
15.Rd1 Qe5 16.Rd6 Qe7 17.Nd5 Qxc7 18.Nxc7 Be5 19.Nxe4 Bf5 20.f4 Bxb2 21.
Ng3 Rc8 22.Nxf5+ gxf5 23.Nxa8 Rxc4 24.Rh3 Rc8 25.Rb3 Bc3+ 26.Kd1 b6 27.Ra3
Bb4 28.Rg3+ Kf8 29.Rh6 Nc6 30.Rxh7 Ke7 31.Re3+ Kf6 32.Rh6+ Kg7 33.Rh5 Ne7 
34.Rg3+ Kf6 35.Rh6+ Ng6 36.h5 Bf8 37.Rhxg6+ fxg6 38.Rxg6+ Kf7 39.Nxb6 axb6
40.Rxb6 Ra8 41.Rb7+ Kf6 42.Rb6+ Kg7 43.Rb5 Rxa2 44.Rxf5 Rxg2 45.h6+ Kxh6 
46.Rxf8 Kg7 1/2-1/2

[Event "14th Reykjavik op"]
[Site "Reykjavik ISL"]
[Date "1990.03.29"]
[Round "11"]
[White "Azmaiparashvili, Zurab"]
[Black "Bronstein, David"]
[Result "1-0"]
[WhiteElo "2610"]
[BlackElo "2445"]
[EventDate "1990.03.17"]
[PlyCount "69"]

1.c4 f5 2.g3 Nf6 3.Bg2 c6 4.b3 g6 5.Bb2 Bg7 6.e3 d6 7.Ne2 O-O 8.O-O Be6 9.
Qc2 Nbd7 10.Nbc3 Bf7 11.e4 fxe4 12.Nxe4 Nxe4 13.Bxe4 Bxb2 14.Qxb2 d5 15.
cxd5 Nf6 16.d3 Bxd5 17.Nf4 Bf7 18.Rfe1 Qd6 19.Rad1 Rad8 20.Bg2 Rfe8 21.d4 
e5 22.dxe5 Qxd1 23.Rxd1 Rxd1+ 24.Bf1 Nd5 25.Nd3 Be6 26.Qc2 Ra1 27.Nc1 Bf5 
28.Qd2 Rxe5 29.Kg2 Be4+ 30.f3 Bf5 31.Kf2 Ne3 32.Be2 Nc2 33.Bc4+ Kg7 34.Qc3
Kf6 35.f4 1-0